Воспоминания и думы о пережитом

Bibliographic Details
Main Author: Шипов Д. Н. Дмитрий Николаевич
Corporate Author: Институт общественной мысли
Summary:В суперобложке.
Воспоминания одного из выдающихся лидеров земского либерализма, председателя ЦК общероссийской партии «Союз 17 октября» Д. Н. Шипова представляют собой ценнейший источник, отразивший процессы идейно-политической и социально-культурной эволюции русского либерализма на рубеже XIX-XX вв., взаимоотношения между властными структурами и либеральной составляющей общества в условиях острейшего системного кризиса в 1905—1907 гг В мемуарах содержится уникальная информация о ходе и исходе переговоров между высшими представителями бюрократии и видными общественными деятелями о создании коалиционного правительства, о деятельности Государственной думы и Государственного совета. В приложение включены две работы Д. Н. Шипова давно ставшие библиографической редкостью.
Language:Russian
Published: Москва, РОССПЭН, 2007
Subjects:
Format: MixedMaterials Book
KOHA link:https://koha.lib.tpu.ru/cgi-bin/koha/opac-detail.pl?biblionumber=154855

MARC

LEADER 00000nam0a2200000 4500
001 154855
005 20260211173419.0
010 |a 5824308004  |b (в пер.)  |b 1000 экз. 
035 |a (RuTPU)RU\TPU\book\167956 
090 |a 154855 
100 |a 20070425d2007 km y0rusy5002 ca 
101 0 |a rus 
102 |a RU 
105 |a y z 001zb 
200 1 |a Воспоминания и думы о пережитом  |f Д. Н. Шипов  |g Институт общественной мысли 
210 |a Москва  |c РОССПЭН  |d 2007 
215 |a 680 с. 
300 |a В суперобложке. 
320 |a Имен. указатель: с. 673-675. 
330 |a Воспоминания одного из выдающихся лидеров земского либерализма, председателя ЦК общероссийской партии «Союз 17 октября» Д. Н. Шипова представляют собой ценнейший источник, отразивший процессы идейно-политической и социально-культурной эволюции русского либерализма на рубеже XIX-XX вв., взаимоотношения между властными структурами и либеральной составляющей общества в условиях острейшего системного кризиса в 1905—1907 гг В мемуарах содержится уникальная информация о ходе и исходе переговоров между высшими представителями бюрократии и видными общественными деятелями о создании коалиционного правительства, о деятельности Государственной думы и Государственного совета. В приложение включены две работы Д. Н. Шипова давно ставшие библиографической редкостью. 
600 1 |a Шипов  |b Д. Н.  |c российский политический и общественный деятель  |f 1851-1920  |g Дмитрий Николаевич  |c один из лидеров октябристов и мирнообновленцев  |2 stltpush  |3 (RuTPU)RU\TPU\pers\7431 
606 |a Либеральное движение в России  |x История  |z 1885-1917  |9 82001 
610 1 |a 19 век 
610 1 |a 20 век 
610 1 |a земский либерализм 
610 1 |a Союз 17 октября 
610 1 |a земства 
610 1 |a воспоминания 
610 1 |a мемуары 
686 |a Т3(2)53  |2 rubbk 
700 1 |a Шипов  |b Д. Н.  |g Дмитрий Николаевич  |4 070 
712 0 2 |a Институт общественной мысли  |3 (RuTPU)RU\TPU\col\5870  |9 24154 
801 1 |a RU  |b 63413507  |c 20090305  |g PSBO 
801 2 |a RU  |b 63413507  |c 20140228  |g PSBO 
942 |c BK